000 00954namaa22002297i 4500
001 174201
003 ES-MaACL
005 20230906215448.0
008 100303s1934 sp | |||| ||spa d
080 _a581.9(861)
100 1 _aCuatrecasas, José.
_9142304
245 1 0 _aObservaciones geobotánicas en Colombia /
_cpor José Cuatrecasas.
260 _aMadrid :
_bJunta para Ampliación de Estudios e Investigaciones Científicas,
_c1934.
300 _a144 p., XXXII h. de lám., [17] h. pleg. de tablas :
_bil. ;
_c24 cm.
490 1 _aTrabajos del Museo Nacional de Ciencias Naturales. Serie botánica ;
_v27
504 _aBibliografía: p. [139]-140.
650 4 _aFitogeografía-
_zColombia.
_9142306
710 2 _aJunta para la Ampliación de Estudios e Investigaciones Científicas.
_95413
830 1 _aTrabajos del Museo Nacional de Ciencias Naturales. Serie botánica ;
_v27
_9189324
852 4 _aES-MaACL
_jB-13141
999 _c174201
_d174201